000 00729nam a2200277Ia 4500
005 20260324111750.0
008 008 260324s9999 xx 000 0 eng d
020 _a9781003618140
037 _aEBOOK
040 _aCRL
040 _beng
040 _cCRL
041 _2eng
041 _aeng
084 _qCRL
100 _aB. Sundaravadivazhagan; Sekar Mohan; Balakrishnaraja Rengaraju
_91139926
245 0 _aRecent Developments in Microbiology, Biotechnology and Pharmaceutical Sciences
260 _bTaylor and Francis
260 _c2025
365 _a
365 _b320
856 _uhttp://www.taylorfrancis.com/books/9781003618140
942 _cEBOOK
999 _c1728844
_d1728844